La racionalidad: su poder y sus límites
Guardat en:
| Autor principal: | |
|---|---|
| Format: | Llibre |
| Idioma: | espanyol |
| Publicat: |
Buenos Aires
Paidós
1996
|
| Col·lecció: | Paidós Básica, 90
|
| Matèries: | |
| Etiquetes: |
Afegir etiqueta
Sense etiquetes, Sigues el primer a etiquetar aquest registre!
|
MARC
| LEADER | 00000nam a2200000 a 4500 | ||
|---|---|---|---|
| 001 | UCN7740 | ||
| 003 | CL-VaPUC | ||
| 008 | 011026e19960000AG |||||||||||||||||spa|d | ||
| 082 | 0 | 4 | |a 128.33 |b NUD |2 21 |
| 100 | |a Nudler, Oscar |e autor |9 463778 | ||
| 245 | 1 | 3 | |a La racionalidad: su poder y sus límites |
| 300 | |a 504 p | ||
| 942 | |c BK | ||
| 945 | |d 20011026 00:00:00 |a cmena | ||
| 260 | |a Buenos Aires |b Paidós |c 1996 | ||
| 650 | 0 | |a Razón |9 314475 | |
| 650 | 0 | |a Antropología filosófica |9 265842 | |
| 650 | 0 | |a Evolución |9 259442 | |
| 650 | 0 | |a Escepticismo |9 258591 | |
| 650 | 0 | |a Epistemología |9 264994 | |
| 650 | 0 | |a Filosofía de las ciencias |9 256466 | |
| 583 | |a last modification |c 20011026 00:00:00 |k Rodrigo Vera | ||
| 490 | 0 | |a Paidós Básica, 90 | |
| 999 | |c 297949 |d 297947 | ||